[Event "hermanos"]
[Site "http://www.queenalice.com/game.php?id=86955"]
[Date "2006.7.17"]
[Round "-"]
[White "vsg_sampa"]
[Black "MarcosT"]
[Result "1-0"]
[WhiteElo "1752"]
[BlackElo "1664"]

1. e4 c6 2. d4 d5 3. e5 Bf5 4. Bd3 Qd7 5. h3 g6 6. Ne2 Bh6 7. Ng3 Bxc1 8. Bxf5
e6 9. Bxe6 Qxe6 10. Qxc1 c5 11. c3 Nd7 12. O-O Rc8 13. Qe3 cxd4 14. cxd4 b6 15.
Nc3 h6 16. Nb5 a6 17. Nd6+ Kd8 18. Nxc8 Kxc8 19. Rac1+ Kb7 20. Qc3 Ne7 21. Qc7+
Ka8 22. Qc2 Rg8 23. Qa4 b5 24. Qb4 Nc6 25. Qd2 h5 26. Rc2 Rc8 27. Rfc1 Kb7 28.
Ne2 Nb6 29. Nf4 Qf5 30. b3 g5 31. Nxh5 Qg6 32. Nf6 g4 33. Nxg4 a5 34. Rc5 1-0

[Event "sampa"]
[Site "http://www.queenalice.com/game.php?id=142831"]
[Date "2006.12.17"]
[Round "-"]
[White "vsg_sampa"]
[Black "Shydo"]
[Result "1-0"]
[WhiteElo "1767"]
[BlackElo "1653"]

1. e4 c5 2. Bc4 d6 3. Qf3 e6 4. b3 Nf6 5. Bb2 Be7 6. e5 dxe5 7. Bxe5 O-O 8. Be2
Nc6 9. Bc3 Rb8 10. Bd3 e5 11. Bb5 Re8 12. h3 e4 13. Qd1 Bd7 14. Bc4 a6 15. Bf1
b5 16. d3 exd3 17. Bxd3 b4 18. Bb2 Bd6+ 19. Kf1 Re6 20. Bc4 Qe7 21. Bxe6 Qxe6
22. Nd2 Nd4 23. Bxd4 cxd4 24. Ngf3 Bb5+ 25. Kg1 d3 26. Nc4 dxc2 27. Qxc2 Bxc4
28. Qxc4 Qxc4 29. bxc4 a5 30. g3 Re8 31. Kg2 h6 32. Rhc1 Bc5 33. Rc2 a4 34. Re1
Rxe1 35. Nxe1 Ne4 36. Nd3 b3 37. axb3 axb3 38. Rb2 Bd4 39. Rxb3 Nd2 40. Rb8+ Kh7
41. c5 Ne4 42. c6 Nd6 43. Rd8 Nb5 44. Rd7 Kg6 45. c7 1-0

[Event "sáo paulo,"]
[Site "http://www.queenalice.com/game.php?id=142834"]
[Date "2006.12.17"]
[Round "-"]
[White "vsg_sampa"]
[Black "rob38"]
[Result "1-0"]
[WhiteElo "1750"]
[BlackElo "1778"]

1. e4 c5 2. Bc4 e6 3. Nf3 Nc6 4. d3 a6 5. Bg5 Be7 6. Bd2 Qc7 7. Bc3 Nf6 8. e5
Ng4 9. Qe2 b5 10. Bb3 b4 11. Bd2 Ngxe5 12. Bf4 Nxd3+ 13. Qxd3 1-0

[Event "Challenge"]
[Site "http://www.queenalice.com/game.php?id=189809"]
[Date "2007.3.30"]
[Round "-"]
[White "val_si"]
[Black "vsg_sampa"]
[Result "1-0"]
[WhiteElo "1835"]
[BlackElo "1778"]

1. e4 c5 2. Bc4 e5 3. Nf3 d6 4. h3 a6 5. Nh2 Nd7 6. b3 b5 7. Bd5 Rb8 8. Qf3 Ndf6
9. Bc6+ Bd7 10. Bxd7+ Qxd7 11. g4 h6 12. d3 Ne7 13. Bb2 a5 14. a4 bxa4 15. bxa4
Ng6 16. Bc3 Rxb1+ 17. Rxb1 Be7 18. Rb8+ Qd8 19. Rxd8+ Bxd8 20. Bd2 O-O 21. Rg1
Nf4 22. Bxf4 exf4 23. Qxf4 Bc7 24. g5 hxg5 25. Qxg5 Nh7 26. Qe7 Bb8 27. Ng4 Nf6
28. Nxf6+ Kh8 29. Nd5 Kg8 30. Qh4 f6 31. Nxf6+ Kf7 32. Nd7 Kg8 33. Nxb8 Rxb8 34.
Kd2 Rf8 35. Qg3 Rf7 36. Qxd6 1-0

[Event "Challenge"]
[Site "http://www.queenalice.com/game.php?id=293674"]
[Date "2007.10.27"]
[Round "-"]
[White "vsg_sampa"]
[Black "Jorac"]
[Result "1/2-1/2"]
[WhiteElo "1877"]
[BlackElo "2048"]

1. c4 Nf6 2. Nc3 g6 3. b3 Bg7 4. Rb1 O-O 5. Bb2 Nc6 6. e3 d5 7. cxd5 Nxd5 8.
Nxd5 Qxd5 9. Bxg7 Kxg7 10. a3 Be6 11. b4 Rad8 12. h3 Ne5 13. d4 Nd7 14. Nf3 Bf5
15. Rc1 Nb6 16. Be2 c6 17. a4 a5 18. bxa5 Qxa5+ 19. Kf1 Qxa4 20. Qe1 Ra8 21. g4
Be4 22. Kg2 Qb3 23. Qg1 f5 24. Qh2 Rf7 25. Qe5+ Kg8 26. g5 Ra2 27. Rhe1 Nd5 28.
Bc4 Nxe3+ 29. Rxe3 Qxe3 30. Qb8+ Kg7 31. Qe5+ Kg8 32. Qb8+ Kg7 33. Qe5+ Kg8
1/2-1/2

[Event "sampa"]
[Site "http://www.queenalice.com/game.php?id=293677"]
[Date "2007.10.27"]
[Round "-"]
[White "vsg_sampa"]
[Black "Pato"]
[Result "0-1"]
[WhiteElo "1867"]
[BlackElo "2160"]

1. e4 Nc6 2. d4 e5 3. d5 Nce7 4. Bg5 f6 5. Bd2 Ng6 6. a3 a5 7. Qh5 Bc5 8. Bb5
Ne7 9. Nf3 O-O 10. Nh4 d6 11. Nxg6 hxg6 12. Qe2 f5 13. O-O f4 14. Rd1 g5 15. Qh5
g4 16. Rf1 Rf6 17. Be2 Rh6 18. Qg5 Rg6 19. Qh5 f3 20. Bb5 fxg2 21. Kxg2 c6 22.
dxc6 bxc6 23. Bc4+ d5 24. Bd3 d4 25. Bc4+ Be6 26. Bxe6+ Rxe6 27. Bg5 Qe8 28.
Qxg4 Ng6 29. h4 Nf4+ 30. Kh2 Be7 31. Bxf4 Bxh4 32. Bg3 Rg6 33. Qf3 Rf6 34. Qg2
Qh5 35. Kg1 Raf8 36. Nd2 Rg6 37. Qh3 Rf4 38. Kh2 Bxg3+ 39. fxg3 Qe2+ 40. Qg2
Rh4+ 41. Kg1 Qe3+ 42. Rf2 Rxg3 43. Nf3 Rxg2+ 44. Kxg2 Rxe4 45. Re1 Qxe1 46. Nxe1
Rxe1 47. Rd2 Kf7 48. Kf2 Rb1 49. b3 Ke6 50. Ke2 Rg1 51. Kf2 Rg6 52. Kf3 Kd5 53.
c4+ Ke6 54. b4 axb4 55. axb4 Kf5 56. Rf2 e4+ 57. Ke2+ Ke5 58. Rh2 d3+ 59. Ke3
Rg3+ 60. Kd2 Kd4 61. Rh4 Rg2+ 62. Kc1 Kc3 63. Rh1 Kxc4 64. Rh4 Kc3 65. Rxe4 Rg1+
0-1

[Event "vamos nessa"]
[Site "http://www.queenalice.com/game.php?id=293771"]
[Date "2007.10.27"]
[Round "-"]
[White "vsg_sampa"]
[Black "aquinogyn"]
[Result "1-0"]
[WhiteElo "1891"]
[BlackElo "1906"]

1. e4 e6 2. e5 d5 3. d4 c5 4. c3 Nc6 5. Bb5 Bd7 6. Bxc6 Bxc6 7. dxc5 Bxc5 8. Nf3
Ne7 9. b4 Bb6 10. Bg5 h6 11. Bh4 Qc7 12. O-O Nf5 13. Re1 O-O 14. Bg3 Nxg3 15.
hxg3 Rac8 16. a4 a6 17. a5 Ba7 18. Ra2 Bb5 19. Kh2 Qc4 20. Qd2 Rfd8 21. Nd4 Qd3
22. Qb2 Bxd4 23. cxd4 Rc4 24. Na3 Rxd4 25. Re3 Qd1 26. f3 Qf1 27. Qxd4 1-0

[Event "são paulo"]
[Site "http://www.queenalice.com/game.php?id=293776"]
[Date "2007.10.27"]
[Round "-"]
[White "vsg_sampa"]
[Black "Rutty"]
[Result "0-1"]
[WhiteElo "1901"]
[BlackElo "2054"]

1. e4 c5 2. b3 Nc6 3. Bb2 d6 4. c4 Nf6 5. d3 g6 6. Be2 Bg7 7. Bc3 O-O 8. Na3 a6
9. Nc2 b5 10. Bf3 Bb7 11. Ne2 b4 12. Bb2 e5 13. Bc1 Bc8 14. Bg5 h6 15. Bh4 Be6
16. h3 Qd7 17. g4 a5 18. a4 Nd4 19. Ncxd4 cxd4 20. Ng1 Ne8 21. Bg2 Ra7 22. f3 f5
23. exf5 gxf5 24. g5 hxg5 25. Bxg5 Nf6 26. h4 d5 27. h5 Kf7 28. h6 Bh8 29. f4 e4
30. Ne2 Ng4 31. Nxd4 Bxd4 32. Ra2 Rh8 33. Rh4 e3 34. Qe2 Kg6 35. Qf3 dxc4 36.
bxc4 Bc3+ 37. Ke2 b3 38. Ra3 Bxc4 39. Kf1 Bxd3+ 40. Kg1 e2 0-1

[Event "são paulo"]
[Site "http://www.queenalice.com/game.php?id=293784"]
[Date "2007.10.27"]
[Round "-"]
[White "vsg_sampa"]
[Black "anandya"]
[Result "0-1"]
[WhiteElo "1884"]
[BlackElo "1811"]

1. e4 e5 2. Bc4 Nf6 3. Qf3 d6 4. h3 Nc6 5. c3 Qe7 6. Bb5 Bd7 7. Ne2 a6 8. Bd3
Be6 9. Ng3 Qd7 10. Bc2 d5 11. d3 h6 12. Nd2 d4 13. c4 b5 14. b3 Bb4 15. a3 Be7
16. Bd1 Nd8 17. Nf5 Bxf5 18. exf5 c6 19. cxb5 axb5 20. b4 Bxb4 21. O-O Bc3 22.
Ra2 O-O 23. Nb1 b4 24. a4 Nb7 25. g4 Qd5 26. Nxc3 bxc3 27. Qe2 Nc5 28. g5 Nh7
29. gxh6 gxh6 30. Bxh6 Kh8 31. Bxf8 Rxf8 32. f4 Rg8+ 33. Kh2 Nxd3 34. fxe5 Nc1
35. Qc2 d3 36. Qf2 Nxa2 37. e6 fxe6 38. f6 Qe5+ 39. Kh1 Nxf6 40. Qxa2 d2 41. Qc2
Qg3 42. Bg4 Nxg4 43. Qe4 Qxh3+ 44. Kg1 Qh2# 0-1

[Event "tupiniquim"]
[Site "http://www.queenalice.com/game.php?id=294152"]
[Date "2007.10.27"]
[Round "-"]
[White "vsg_sampa"]
[Black "Paked"]
[Result "1/2-1/2"]
[WhiteElo "1865"]
[BlackElo "1917"]

1. e4 e5 2. Bc4 Nc6 3. Nf3 Nf6 4. Qe2 d6 5. h3 Be7 6. a3 O-O 7. b4 d5 8. exd5
Nxd5 9. Bxd5 Qxd5 10. Nc3 Qe6 11. Nb5 Bd6 12. Ng5 Qg6 13. d3 Nd4 14. Nxd4 exd4
15. Kf1 h6 16. Ne4 Bd7 17. Nxd6 Qxd6 18. Bb2 Bb5 19. Qf3 Bc6 20. Qg4 Rad8 21.
Kg1 f5 22. Qe2 Qg6 23. f3 Rfe8 24. Qf2 Re3 25. Kf1 Qd6 26. Bc1 Re7 27. Bd2 Rde8
28. Re1 Ba4 29. Rxe7 Rxe7 30. Bc1 Qe6 31. Bb2 Bxc2 32. Bxd4 Bxd3+ 33. Kg1 Qc4
34. Bxa7 Qc1+ 35. Kh2 Qxa3 36. Bc5 Re2 37. Qd4 Qb2 38. Qd8+ Kh7 39. Rg1 Qe5+ 40.
Kh1 Bc4 41. Bd4 Qg3 42. Qc8 Qf4 43. Qd7 Qg5 44. Kh2 Re7 45. Qd8 f4 46. Bc5 Qg3+
47. Kh1 Re1 1/2-1/2

[Event "são paulo"]
[Site "http://www.queenalice.com/game.php?id=294563"]
[Date "2007.10.28"]
[Round "-"]
[White "vsg_sampa"]
[Black "technicaldraw"]
[Result "1-0"]
[WhiteElo "1844"]
[BlackElo "1947"]

1. e4 e6 2. e5 d5 3. d4 c5 4. dxc5 Bxc5 5. Nf3 Nc6 6. c3 Nge7 7. b4 Bb6 8. Bg5
h6 9. Bh4 Qc7 10. Bb5 a6 11. Bxc6+ bxc6 12. O-O Nf5 13. Re1 Nxh4 14. Nxh4 Qe7
15. Nf3 c5 16. a3 Bb7 17. Qa4+ Qd7 18. Qd1 c4 19. Ra2 a5 20. a4 Bc6 21. b5 Bb7
22. Nd4 Bxd4 23. cxd4 O-O 24. Qh5 Qe7 25. Rb2 Rac8 26. Nc3 Qa3 27. Rc2 Kh7 28.
g4 g6 29. Qh3 Qe7 30. f4 g5 31. f5 exf5 32. gxf5 g4 33. Qh5 Rg8 34. f6 Qe6 35.
Qh4 g3 36. h3 Qf5 37. Rg2 Qd3 38. Ne2 c3 39. Nxg3 c2 40. Ne2 Rxg2+ 41. Kxg2
Qxe2+ 42. Rxe2 c1=Q 43. Qf2 Qg5+ 44. Kh2 Rc4 45. e6 Qg8 46. e7 Qb8+ 47. Re5 Qe8
48. Qg2 1-0

[Event "Challenge"]
[Site "http://www.queenalice.com/game.php?id=300188"]
[Date "2007.11.8"]
[Round "-"]
[White "vsg_sampa"]
[Black "jsm"]
[Result "1-0"]
[WhiteElo "1883"]
[BlackElo "1927"]

1. e4 e5 2. Nf3 Nc6 3. Bb5 a6 4. Bxc6 dxc6 5. h3 Nf6 6. d3 Bd6 7. Bg5 h6 8. Bh4
O-O 9. a3 c5 10. Nh2 b5 11. g4 g5 12. Bg3 Bb7 13. Nd2 Re8 14. h4 Kg7 15. hxg5
hxg5 16. Qe2 Rh8 17. f3 Rh3 18. Qg2 Qh8 19. a4 1-0

[Event "Challenge"]
[Site "http://www.queenalice.com/game.php?id=305039"]
[Date "2007.11.16"]
[Round "-"]
[White "Mike36bh"]
[Black "vsg_sampa"]
[Result "1-0"]
[WhiteElo "1842"]
[BlackElo "1908"]

1. d4 d5 2. Nc3 e6 3. a3 Bd7 4. e4 dxe4 5. Nxe4 Bc6 6. Nc3 h6 7. Bb5 a6 8. Bxc6+
Nxc6 9. Nf3 Nge7 10. O-O Nd5 11. Nxd5 Qxd5 12. c3 g5 13. Ne5 Nxe5 14. dxe5 Qxe5
15. f4 Qc5+ 16. Kh1 gxf4 17. Bxf4 Rg8 18. Qc2 Qc6 19. Rad1 Rg6 20. b4 Bg7 21. c4
b5 22. c5 Kf8 23. h3 Bf6 24. Be3 Kg7 25. Bd4 e5 26. Be3 Rg3 27. Rf2 Rxe3 28.
Rdf1 Rxh3+ 29. Kg1 Re3 30. Rxf6 Qe4 31. Rxf7+ Kg8 32. Qf2 Qd4 33. Rf8+ Rxf8 34.
Qxf8+ Kh7 35. Rf7+ Kg6 36. Rf6+ Kg5 37. Qxh6+ Kg4 38. Qg6+ Kh4 39. Qh6+ Kg4 40.
Qg6+ Kh4 41. Qh7+ Kg4 42. Qf5+ Kh4 43. Rh6+ Kg3 44. Rh3# 1-0

[Event "são paulo"]
[Site "http://www.queenalice.com/game.php?id=307319"]
[Date "2007.11.20"]
[Round "-"]
[White "vsg_sampa"]
[Black "Twinigo"]
[Result "0-1"]
[WhiteElo "1889"]
[BlackElo "1994"]

1. e4 b6 2. d4 Bb7 3. e5 c5 4. d5 e6 5. d6 Nc6 6. Bf4 g5 7. Bg3 h5 8. h3 Bg7 9.
Qe2 Nd4 10. Qd3 f5 11. exf6 Nxf6 12. Qg6+ Kf8 13. Qd3 Be4 14. Qd2 Nxc2+ 15. Ke2
Nd5 16. f3 Bg6 17. Nc3 Qc8 18. Kd1 Nde3+ 19. Kc1 Nxf1 20. Qxg5 Bh6 21. Qxh6+
Rxh6 22. Bf4 Rh7 23. Nge2 Nxa1 24. Rxf1 Qa6 25. Rd1 b5 26. Kd2 b4 27. Rxa1 bxc3+
28. bxc3 Rb8 29. Ke3 Qd3+ 30. Kf2 Rb2 31. Re1 Rf7 32. Be5 Be4 33. f4 Bxg2 34. c4
Qf3+ 35. Kg1 Bxh3 0-1

[Event "Challenge"]
[Site "http://www.queenalice.com/game.php?id=307432"]
[Date "2007.11.20"]
[Round "-"]
[White "vsg_sampa"]
[Black "PLDunton"]
[Result "1-0"]
[WhiteElo "1848"]
[BlackElo "1965"]

1. e4 e5 2. Nf3 Nc6 3. a3 Nf6 4. Nc3 d5 5. exd5 Nxd5 6. Nxd5 Qxd5 7. d3 Bg4 8.
Be2 Nd4 9. O-O Bd6 10. Nxd4 Bxe2 11. Nxe2 O-O 12. Nc3 Qe6 13. Ne4 Rad8 14. Ng5
Qg6 15. Ne4 f6 16. b4 b6 17. f3 Be7 18. Bb2 Rd7 19. Qe1 Rc8 20. Kh1 c5 21. bxc5
Bxc5 22. Nxc5 Rxc5 23. Qf2 Qf7 24. d4 exd4 25. Bxd4 Rcd5 26. c3 Qg6 27. Rfd1 Qf5
28. Qe2 Rd8 29. Ra2 a5 30. a4 b5 31. Rad2 b4 32. cxb4 axb4 33. Qc4 h6 34. Qxb4
Qf4 35. Qc3 Qf5 36. Qe3 Kh8 37. g4 Qd7 38. a5 Qc6 39. Kg2 Qa4 40. Qc3 Rxa5 41.
Bb6 Rxd2+ 42. Rxd2 Ra8 43. Rd8+ Rxd8 44. Bxd8 Qa8 45. Bc7 Qe8 46. Bb6 Qe2+ 47.
Kg3 Qe6 48. Bd4 Qd6+ 49. Kg2 Qa6 50. h4 Qe6 51. h5 Qe2+ 52. Kg3 Qe6 53. Qb2 Qe1+
54. Bf2 Qe8 55. Qc2 Qe5+ 56. Kg2 Qe6 57. Qd1 Qa6 58. Qd8+ Kh7 59. Qd7 Qe2 60.
Qf7 Qc2 61. Kg3 Qd3 62. Bc5 f5 63. Qg6+ Kg8 64. gxf5 Qe2 65. Qe6+ Qxe6 66. fxe6
g6 67. hxg6 h5 68. Kh4 Kg7 69. Kxh5 Kg8 70. e7 1-0

[Event "hermanos"]
[Site "http://www.queenalice.com/game.php?id=308075"]
[Date "2007.11.21"]
[Round "-"]
[White "vsg_sampa"]
[Black "guzanito"]
[Result "0-1"]
[WhiteElo "1852"]
[BlackElo "2153"]

1. e4 e5 2. Nf3 Nc6 3. Bb5 Nd4 4. Nxd4 exd4 5. e5 Qg5 6. O-O c6 7. Bc4 d5 8. Bb3
Bg4 9. f3 Bh3 10. Rf2 d3 11. f4 Qg6 12. Qf3 Bg4 13. Qxd3 Bc5 14. Qxg6 hxg6 15.
h3 Bf5 16. d3 Ne7 17. Nc3 O-O-O 18. Bd2 Bxf2+ 19. Kxf2 f6 20. Rh1 Bd7 21. d4 Nf5
22. Ne2 b6 23. c3 Kc7 24. Bc2 c5 25. b3 Bb5 26. Ng3 cxd4 27. Nxf5 gxf5 28. cxd4
fxe5 29. dxe5 g6 30. a4 Bc6 31. Bb4 Kd7 32. Re1 Ke6 33. Kg3 d4 34. Bd3 Bd5 35.
Bc4 Bxc4 36. bxc4 Rc8 37. Rc1 Rhd8 38. a5 d3 39. axb6 axb6 40. Bd2 b5 41. c5 Rd5
42. c6 Rd4 43. c7 Rc4 44. Rxc4 bxc4 45. Kf3 Rxc7 46. Bc3 Ra7 47. Ke3 Kd5 48. g3
Ra2 49. Bd2 Rc2 50. h4 c3 51. Kxd3 Rxd2+ 52. Ke3 Rh2 53. Kf3 c2 54. g4 c1=Q 55.
gxf5 gxf5 56. Kg3 Qd2 0-1

[Event "tupiniquim"]
[Site "http://www.queenalice.com/game.php?id=308082"]
[Date "2007.11.21"]
[Round "-"]
[White "vsg_sampa"]
[Black "DURIN09"]
[Result "0-1"]
[WhiteElo "1863"]
[BlackElo "1986"]

1. e4 d6 2. d4 Nf6 3. Nc3 g6 4. e5 dxe5 5. dxe5 Qxd1+ 6. Nxd1 Nd5 7. c3 Bg7 8.
f4 Bf5 9. Nf2 Nc6 10. Bb5 O-O 11. Bxc6 bxc6 12. Bd2 Bh6 13. Ne2 f6 14. exf6 exf6
15. g3 Rfe8 16. Kf1 Re7 17. Nd4 Bd7 18. h4 Rae8 19. b4 Ne3+ 20. Kg1 Nc4 21. Rd1
Bg7 22. Kg2 f5 23. Nf3 c5 24. Rhe1 Bc6 25. Rxe7 Rxe7 26. Bc1 Ne3+ 27. Bxe3 Rxe3
28. Rd8+ Kf7 29. Rc8 Bxf3+ 30. Kf1 Bxc3 31. Rxc7+ Ke6 32. Nh3 h6 33. b5 Bd4 34.
Rxa7 Rc3 35. Ra6+ Kd5 36. Ke1 Be3 37. Nf2 Rc1+ 38. Nd1 Rxd1# 0-1

[Event "agora vai"]
[Site "http://www.queenalice.com/game.php?id=311752"]
[Date "2007.11.28"]
[Round "-"]
[White "vsg_sampa"]
[Black "marcos"]
[Result "1-0"]
[WhiteElo "1887"]
[BlackElo "1635"]

1. e4 Nc6 2. d4 d5 3. e5 a6 4. Bg5 Bf5 5. h3 Nb4 6. Na3 h6 7. Bh4 Qd7 8. c3 Nc6
9. Bg3 e6 10. Nc2 f6 11. Ne3 fxe5 12. dxe5 d4 13. Nxf5 exf5 14. Bd3 dxc3 15.
bxc3 g6 16. Nf3 g5 17. O-O f4 18. Bh2 Nge7 19. Qc2 Qe6 20. Rfe1 Bg7 21. Nd4 Nxd4
22. cxd4 c6 23. Qe2 b5 24. a4 O-O 25. axb5 cxb5 26. Be4 Nc6 27. d5 Nd4 28. dxe6
Nxe2+ 29. Rxe2 Ra7 30. Bf3 Re8 31. Bg4 b4 32. Ra5 Rc7 33. g3 fxg3 34. Bxg3 Rc6
35. Rd5 b3 36. Rd6 Rc1+ 37. Kg2 a5 38. Ra6 Rc2 39. Rxc2 bxc2 40. Rc6 h5 41. Bxh5
Rxe6 42. Rxc2 Bxe5 43. Bxe5 Rxe5 44. Ra2 Kg7 45. Bg4 Kf7 46. Kg3 Rc5 47. Ra4 Ke7
48. f3 Kd6 49. Rd4+ Kc6 50. Bd7+ Kb6 51. Kg4 Kc7 52. Bf5 Rc1 53. Kxg5 Kb6 54. f4
Rg1+ 55. Kh5 Kb5 56. Bd7+ Kb6 57. h4 Rg7 58. Kh6 Kc5 59. Kxg7 Kxd4 60. f5 Ke5
61. f6 1-0

[Event "my friend"]
[Site "http://www.queenalice.com/game.php?id=386938"]
[Date "2008.4.13"]
[Round "-"]
[White "vsg_sampa"]
[Black "Twinigo"]
[Result "1-0"]
[WhiteElo "1869"]
[BlackElo "1931"]

1. e4 c5 2. b3 Nc6 3. Bb2 d6 4. Bb5 Bd7 5. Bc4 Nf6 6. Bxf6 gxf6 7. Qh5 Ne5 8.
Be2 Bg7 9. c3 Qb6 10. Bd1 Nd3+ 11. Kf1 c4 12. Qe2 cxb3 13. axb3 Nc5 14. b4 Ne6
15. g3 f5 16. exf5 Nc7 17. Qg4 Bf6 18. Bf3 Qb5+ 19. Kg2 Bxf5 20. Qf4 Ne6 21. Qe3
O-O 22. Qe1 Kh8 23. Na3 Qd7 24. Nc4 Ng5 25. h4 Nxf3 26. Nxf3 Qc6 27. Ne3 Be4 28.
Qe2 Rg8 29. Rh3 h5 30. Ra5 1-0